UK Number 1 Singles - 1971 - Statistics

General Stats
  • This quiz has been taken 41 times
  • The average score is 7 of 13
Answer Stats
Hint Answer % Correct
My Sweet Lord George Harrison
97%
Maggie May Rod Stewart
97%
Hot Love T.Rex
75%
Get It On T.Rex
75%
Ernie (The Fastest Milkman In The West) Benny Hill
69%
Knock Three Times Dawn
63%
Coz I Luv You Slade
63%
Grandad Clive Dunn
59%
Chirpy Chirpy Cheep Cheep Middle Of The Road
44%
I'm Still Waiting Diana Ross
28%
Double Barrel Dave And Ansil Collins
25%
Hey Girl Don't Bother Me Tams
25%
Baby Jump Mungo Jerry
22%
No matching quizzes found
Score Distribution
Percent of People with Each Score
Percentile by Number Answered
Your Score History
You have not taken this quiz